000 00664nam a2200229Ia 4500
003 OSt
005 20220925214700.0
006 a|||||r|||| 00| 0
007 ta
008 220923b |||||||| |||| 00| 0 eng d
037 _cGeneral Book
040 _aRTL
_cRTL
_beng
041 _2eng
_aeng
082 _aY:37.316.M32<--L92, L0
100 _aPrentice Archibald
_9280929
245 0 _aHistorical sketches and personal recollections of Manchester
250 _a3
260 _aLondon
_bFrank Cass
_c1970
300 _axi,432p
_ccm.
942 _hY:37.316.M32<--L92, L0
_cGB
_2CC
999 _c566240
_d566240